000
00358nam a2200133Ia 4500
008
231129s9999||||xx |||||||||||||| ||spa||
020
_a
84-266-1542-8
040
_b
spa
082
_a
922.943 B927s
100
_a
Sordi Italo
245
0
_a
Buda
264
_a
Barcelona España : Círculo de Lectores
942
_2
ddc
_c
BKS
999
_c
6365
_d
6365